01046pam a2200301 a 45000010008000000030004000080050017000120080041000290100017000700200032000870400018001190500025001370820017001621000020001792450107001992600037003063000033003434400037003765000022004135040030004356500040004657000022005057000023005279060045005509420015005959990017006109520117006274732829OSt20160805115745.0840712s1985 nyua b 001 0 eng  a 84015482  a0070542740 :c$27.95 (est.) aDLCcDLCdDLC00aHD2755.5b.R835 198500a658/.0492191 aRugman, Alan M.10aInternational business :bfirm and environment /cAlan M. Rugman, Donald J. Lecraw, Laurence D. Booth. aNew York :bMcGraw-Hill,cc1985. axx, 458 p. :bill. ;c25 cm. 0aMcGraw-Hill series in management aIncludes indexes. aBibliography: p. 435-447. 0aInternational business enterprises.1 aLecraw, Donald J.1 aBooth, Laurence D. a7bcbccorignewd1eocipf19gy-gencatlg 2lcccBOOKS c12645d12645 00102lcc4070aMUCbMUCcGENd2016-08-05eDonationl0oHD 2755.5.R835 1985p883r2019-05-31w2016-08-05yBOOKS